Sintez optimaľnych i adaptivnych sistem upravlenija : Igrovoj podchod

Enregistré dans:
Détails bibliographiques
Auteurs principaux: Kuncevič, Vsevolod Michajlovič (Auteur), Lyčak, Michail Michajlovič (Auteur)
Format: Livre
Langue:russe
Publié: Kijev : Naukova dumka, 1985
Édition:1.vyd.
Tags: Ajouter un tag
Pas de tags, Soyez le premier à ajouter un tag!

MARC

LEADER 00000nam a22000003a 4500
001 stu7658
005 20150617225806.1
008 950331s1985----xxr-----------------rus-d
040 |a STU  |b slo 
041 0 |a rus 
044 |a xxr 
080 |a 517.977.5 
080 |a 681.51.013 
100 1 |a Kuncevič, Vsevolod Michajlovič  |4 aut 
245 1 |a Sintez optimaľnych i adaptivnych sistem upravlenija :  |b Igrovoj podchod 
250 |a 1.vyd. 
260 |a Kijev :  |b Naukova dumka,  |c 1985 
300 |a 247 s 
700 1 |a Lyčak, Michail Michajlovič  |4 aut 
996 |b E62045  |c E*62045  |l EE03  |s P  |a 0  |w stu7658_0002